01682nam a2200349 a 4500001001000000003000500010005001700015008004100032010001100073011001100084040000900095090001000104100004400114245024400158260004100402500006000443502010400503590004100607590004100648590004000689590004000729650006200769650004400831650007900875856007000954901000701024942001001031942000601041999001901047952013101066952013501197000113524CHAP20220329144359.0170731s2016 mx sm |||||||spa d a109985 a110957 cCHAP aTesis1 aVelázquez Rincón, Feliciano913287110aPrácticas organizativas y de participación de los jóvenes en la vida comunitaria:h[En línea]buna mirada en torno a la (RE) configuración del desarrollo en Santa Catarina del Monte, Texcoco /cpor Feliciano Velázquez Rincón. aChapingo, Méx. :bEl autor,c2016. aPara ver el contenido del material haga clic en la liga aTesis (M.C. en Desarrollo Rural Regional) -- UACH. Dirección de Centros Regionales Universitarios aBATCH-UPDb05c20170731lUCH01h0826 aE11695DGDb10c20170801lUCH01h0855 aE5765TAJb05c20170731lUCH01h0825 aE5765TAJb05c20170731lUCH01h082614aDesarrollo de la comunidad ruralzMéxico (Edo.).93204214aJovenes en comunidades rurales.913287214aParticipación de la juventudxSanta Catarina del Monte, Texcoco.9132873 aFinding aiduhttp://10.13.5.2/tesis/sist113524.pdfzTeclea aquí aBK cTESIS n0 c109985d109985 00104054718TESISaBCbBCd2017-07-31fTESISl0oTesisp113525-10r2019-12-31 00:00:00w2019-12-31yTESISzRecien adquirido 00102local4053708TESISaBCbBCcPA_TESISd2017-07-31fTESISl0oTesisp113525-20r2019-12-31 00:00:00tc.2w2019-12-31yTESIS